000 00739cam a2200217 4500
001 WB3737-26
008 010928n2001 000 0 eng u
035 _a(Sirsi) u114924
245 _aLand and property missing link
260 _c2001
490 _aRICS Press Release
_v(pr121) 26 September 2001, (3)
520 _aRICS has published its first Global Manifesto promoting the proposition that land and property should be an integral part of global wealth creation with property a central element to economic efficiency. Executive summary.
590 _aWB
650 _aRICS
650 _aSURVEYING
650 _aGLOBAL ECONOMY
650 _aRESOURCE MANAGEMENT
650 _aPROPERTY
690 _aRICS NEWS
942 _n0
999 _c68425
_d68425